000 00300nam a22001457a 4500
008 210303b ||||| |||| 00| 0 eng d
020 _a9780618230297
041 _aeng
080 _a37
082 _a37
100 _a25
101 _aEDU
245 _aCollege Writing
_cByrd, P
942 _2udc
_cBK
999 _c55593
_d55593